| 000 | 00507cam a22001337a 4500 | ||
|---|---|---|---|
| 008 | 180718b1905 xxu||||| |||| 00| 0 eng d | ||
| 082 | _aB19x54 D852 | ||
| 100 | _aDubois, Abbe J.A. | ||
| 245 |
_aDescription of the character, manners, and customs of the people of India and of their institutions, religious and civil _cby Abbe J.A. Dubois |
||
| 260 |
_aCalcutta _bSociety for the Resuscitation of Indian Literature _c1905 |
||
| 300 | _a434p. | ||
| 500 | _aRs.15.00 | ||
| 650 | _aIndia - Social Life and Customs | ||
| 999 |
_c364522 _d364522 |
||